<?xml version="1.0" encoding="UTF-8"?>
<record
    xmlns:xsi="http://www.w3.org/2001/XMLSchema-instance"
    xsi:schemaLocation="http://www.loc.gov/MARC21/slim http://www.loc.gov/standards/marcxml/schema/MARC21slim.xsd"
    xmlns="http://www.loc.gov/MARC21/slim">

  <leader>00789nam a22002177a 4500</leader>
  <controlfield tag="008">150929s2011    mx ||||fr|||||||1 ||spa d</controlfield>
  <datafield tag="020" ind1=" " ind2=" ">
    <subfield code="a">9786071707789</subfield>
  </datafield>
  <datafield tag="050" ind1="0" ind2="4">
    <subfield code="a">KGF1789</subfield>
    <subfield code="b">C37 2011</subfield>
  </datafield>
  <datafield tag="100" ind1="1" ind2=" ">
    <subfield code="a">Cavazos Flores, Baltasar</subfield>
    <subfield code="e">autor</subfield>
    <subfield code="9">11254</subfield>
  </datafield>
  <datafield tag="245" ind1="1" ind2="0">
    <subfield code="a">El derecho del trabajo mexicano</subfield>
    <subfield code="c">/Baltasar Cavazos Flores</subfield>
  </datafield>
  <datafield tag="260" ind1="3" ind2=" ">
    <subfield code="a">M&#xE9;xico</subfield>
    <subfield code="b"> :Trillas</subfield>
    <subfield code="c">,2011</subfield>
  </datafield>
  <datafield tag="300" ind1=" " ind2=" ">
    <subfield code="a">190 p&#xE1;ginas</subfield>
  </datafield>
  <datafield tag="336" ind1=" " ind2=" ">
    <subfield code="a">texto</subfield>
  </datafield>
  <datafield tag="337" ind1=" " ind2=" ">
    <subfield code="a">sin medio</subfield>
  </datafield>
  <datafield tag="338" ind1=" " ind2=" ">
    <subfield code="a">vol&#xFA;men</subfield>
  </datafield>
  <datafield tag="500" ind1=" " ind2=" ">
    <subfield code="a">Educaci&#xF3;n Mixta
Lic. en Derecho / Derecho del Trabajo (P10-03)/ (13 002496)</subfield>
  </datafield>
  <datafield tag="504" ind1=" " ind2=" ">
    <subfield code="a">&#xCD;ndice onom&#xE1;stico p.p. 183-184
&#xCD;ndice anal&#xED;tico p.p. 185-190</subfield>
  </datafield>
  <datafield tag="650" ind1="1" ind2="0">
    <subfield code="x">DERECHO LABORAL</subfield>
    <subfield code="z">M&#xC9;XICO</subfield>
    <subfield code="9">17738</subfield>
  </datafield>
  <datafield tag="942" ind1=" " ind2=" ">
    <subfield code="2">lcc</subfield>
    <subfield code="c">LB</subfield>
  </datafield>
  <datafield tag="952" ind1=" " ind2=" ">
    <subfield code="0">0</subfield>
    <subfield code="1">0</subfield>
    <subfield code="2">lcc</subfield>
    <subfield code="4">0</subfield>
    <subfield code="7">0</subfield>
    <subfield code="a">13</subfield>
    <subfield code="b">13</subfield>
    <subfield code="d">2015-09-29</subfield>
    <subfield code="l">0</subfield>
    <subfield code="o">KGF1789 C37 2011</subfield>
    <subfield code="p">13 002496</subfield>
    <subfield code="r">2015-09-29</subfield>
    <subfield code="t">1</subfield>
    <subfield code="w">2015-09-29</subfield>
    <subfield code="y">LB</subfield>
  </datafield>
  <datafield tag="999" ind1=" " ind2=" ">
    <subfield code="c">98209</subfield>
    <subfield code="d">98209</subfield>
  </datafield>
</record>
